|
|
|
|
| LEADER |
00000ny a22000003n 4500 |
| 005 |
20110606125242.0 |
| 008 |
970410s1997 sp s 000 0 spa c |
| 020 |
|
|
|a 978-84-713055-3-4
|
| 035 |
|
|
|a 760
|
| 040 |
|
|
|a UMA.CEE
|d vLex
|
| 080 |
|
|
|a 347(460)
|
| 090 |
|
|
|c 2156
|d 2156
|
| 245 |
0 |
0 |
|a Comentarios al Cd̤igo Civil y compilaciones forales
|h [Recurso electrn̤ico]
|c dirigidos por Manuel Albaladejo
|
| 256 |
|
|
|a Servicio en ln̕ea.
|
| 260 |
|
|
|a Madrid :
|b Revista de Derecho Privado :
|b Editoriales de Derecho Reunidas,
|c D.L. 1990
|
| 300 |
|
|
|a XIV, 416 p. ;
|c 21 cm
|
| 505 |
0 |
|
|t Tomo XXXIV, Vol.1, Artc̕ulos 89 a 118 de la Compilacin̤ de Aragn̤ /
|r comentados por Jos-̌Manuel Bandrš Sǹchez-Cruzat... [et al.]
|
| 506 |
1 |
|
|a Contenido solo disponible en los productos indicados
|d vLex Global
|d vLex Global (Academic Edition, excluding Law Schools)
|d vLex Global (U.S. Academic Edition, Law Schools)
|d vLex Global (U.S. Academic Edition, excluding Law Schools)
|d vLex Global (Academic Edition, Law Schools)
|
| 650 |
0 |
7 |
|2 Tesauro vLex
|a Civil
|
| 650 |
0 |
7 |
|2 Tesauro vLex
|a Cd̤igo civil
|
| 650 |
0 |
7 |
|2 Tesauro vLex
|a Derecho foral de Aragn̤
|
| 700 |
1 |
|
|a Albaladejo Garca̕, Manuel,
|e dir
|
| 700 |
1 |
|
|a Bandrš Sǹchez-Cruzat, Jos-̌Manuel,
|e com
|
| 740 |
0 |
|
|a vLex Libros (Servicios en ln̕ea)
|
| 856 |
4 |
0 |
|z Acceso restringido
|u http://vlex.com/source/760
|
| 942 |
|
|
|c BOOK
|